| Registos Bibliográficos associados ao registo de autoridade |
|
Etiqueta de registo: 00000nam 2200025 450 001 2283638 003 http://id.bnportugal.gov.pt/bib/catbnp/2283638 010 ## $a978-989-36179-3-9 021 ## $aPT$b553501/25 100 ## $a20260406d2025 m y0pory01030103ba 101 1# $apor$cger 102 ## $aPT 105 ## $aa z 000yy 106 ## $ar 200 1# $a Os amanhãs de ontem$esobre a solidão dos espectros comunistas e a reconstrução do futuro$fBini Adamczak$gintrod. Raymond Geuss$gtrad. Bruno Peixe Dias 205 ## $a1ª ed 210 #9 $aLisboa$cLivraria Tigre de Papel,$d2025 215 ## $a209 p.$d17 cm 304 ## $aTít. orig.: Gestern Morgen: über die Einsamkeit kommunistischer Gespenster und die
Rekonstruktion der Zukunft 675 ## $a321.01"20"$vBN$zpor$31054429 675 ## $a330.83/.85"20"$vBN$zpor$31824521 675 ## $a141.82"20"$vBN$zpor$31876767 700 #1 $aAdamczak,$bBini,$f1979-$31812515 702 #1 $aGeuss,$bRaymond$4080$31994719 702 #1 $aDias,$bBruno Peixe,$f1972-$4730$31464097 801 #0 $aPT$bBN$gRPC 856 41 $uhttp://rnod.bnportugal.gov.pt/ImagesBN/winlibimg.aspx?skey=&doc=2283638&img=222314&save=true 900 ## $aBIBNAC$d20260520 966 ## $lBN$mFGMON$sS.C. 46672 P.$x1 966 ## $lBN$mFGMON$sS.C. 46672 P.-D$x1 971 ## $corlando$d20260406 972 ## $e0$z0$d20260520$vasantos 973 ## $cigoulao$d20260514
Etiqueta de registo: 00000nam 2200025 450 001 2074032 003 http://id.bnportugal.gov.pt/bib/catbnp/2074032 010 ## $a978-989-54861-2-0 021 ## $aPT$b478718/21 100 ## $a20210625d2021 m y0pory01030103ba 101 1# $apor$cger 102 ## $aPT 105 ## $aa z 000yy 106 ## $ar 200 1# $aComunismo$e uma pequena história de como tudo poderá ser diferente$fBini Adamczak$gtrad. Omar Cunha 210 #9 $aLisboa$cLivraria Tigre de Papel,$d2021 215 ## $a109 p.$cil.$d17 cm 304 ## $aTít. orig.: Kommunismus : kleine geschichte 675 ## $a321.01$vBN$zpor$3307088 675 ## $a330.83/.85$vBN$zpor$31814302 675 ## $a141.82$vBN$zpor$3416116 700 #1 $aAdamczak,$bBini,$f1979-$31812515 702 #1 $aCunha,$bOmar$4730$31812513 801 #0 $aPT$bBN$gRPC 900 ## $aBIBNAC$d20210826 966 ## $lBN$mFGMON$sS.C. 45194 P.$x1 966 ## $lBN$mFGMON$sS.C. 45194 P.-D$x1 972 ## $e1$visantos$d20210826 973 ## $caalmeid $d20210813
|
|
|